000 03046nam a22003613i 4500
001 EBC31608310
003 MiAaPQ
005 20251024192622.0
007 cr cnu||||||||
008 251024s2023 xx o ||||0 ger d
020 _a9783402159040
_q(electronic bk.)
020 _z9783402159033
040 _aMiAaPQ
_beng
_cMiAaPQ
100 1 _aGroßbölting, Thomas.
_93501
245 1 0 _aAlfred Müller-Armack - Die Politische Biografie Eines Ökonomen.
250 _a1st ed.
264 1 _aMünster :
_bAschendorff Verlag GmbH & Co. KG,
_c2023.
264 4 _c{copy}2023.
300 _a1 online resource (94 pages)
336 _aText
_btxt
_2rdacontent
337 _aComputermedien
_bc
_2rdamedia
338 _aOnline Resource
_bcr
_2rdacarrier
500 _aE-Book-ProQuest / Fernzugriff nach Registrierung möglich
505 0 _aTitel -- Inhaltsverzeichnis -- 1. Einleitung -- 2. Kindheit, Jugend, erste Karriereschritte - Vom Studierenden zum Krisenforscher: Müller-Armacks Weg in die Wissenschaft -- 3. Müller-Armack während des Nationalsozialismus -- 3.1 Eintritt in die NSDAP: Müller-Armack als „Märzgefallener" -- 3.2 „Staatsidee und Wirtschaftsordnung im Neuen Reich":Müller-Armacks wissenschaftliche Positionierung zum Nationalsozialismus -- 3.2.1 Müller-Armacks Beobachtungen zur aktuellen Situation des Jahres 1933 -- 3.2.2 Der neue „Geschichtsaktivismus" und der „totale Staat" -- 3.2.3 Kritik des Parlamentarismus -- 3.2.4 Die neue Staatsidee, die Lenkung der Gesellschaft und die Grundlage des Volkstums -- 3.2.5 Zentrale Wirtschaftslenkung im neuen Staat als „Vollzug der völkischen Entwicklung" -- 3.2.6 Die wirtschaftlichen Konsequenzen der neuen Wirtschaftslenkung -- 3.3 Müller-Armack im Feld der Ökonomen -- 3.4 Müller-Armack als Professor und Wissenschaftsorganisatoran der Universität Münster -- 4. „Abkehr vom Nationalsozialismus"? Religionssoziologie, „Wirtschaftsstil" und Vergangenheitsbewältigung à la Müller-Armack -- 5. Wissenschaftler, politischer Beamter und Politiker:Alfred Müller-Armack nach 1945 -- 5.1 Kontinuität im Umbruch: Die Nachkriegskarriere des Ökonomen -- 5.2 Der Blick zurück: Müller-Armacks Aktivitäten im Nationalsozialismusaus der Perspektive der Nachkriegsjahre -- 5.3 Alfred Müller-Armack als „Erfinder" der sozialen Marktwirtschaft -- 6. Ein Resümee: War Müller-Armack ein Nationalsozialist? -- Literatur -- Veröffentlichte Quellen -- Archivalische Quellen -- Abbildungsnachweis -- Personenregister.
653 _aMüller-Armack, Alfred,-1901-1978.
655 _aFernzugriff
_9230
655 4 _aElectronic books.
776 0 8 _iPrint version:
_aGroßbölting, Thomas
_tAlfred Müller-Armack - Die Politische Biografie Eines Ökonomen
_dMünster : Aschendorff Verlag GmbH & Co. KG,c2023
_z9783402159033
856 4 0 _uhttps://ebookcentral.proquest.com/lib/maxweberstiftung-ebooks/detail.action?docID=31608310
_zVolltext
942 _cEB
999 _c73092
_d73092